MARC details
| 000 -LEADER |
| fixed length control field |
01994cam a22002174a 4500 |
| 005 - ΗΜΕΡΟΜΗΝΙΑ ΚΑΙ ΩΡΑ ΤΕΛΕΥΤΑΙΑΣ ΕΝΗΜΕΡΩΣΗΣ |
| Πεδίο ελέγχου |
20250605164232.0 |
| 008 - FIXED-LENGTH DATA ELEMENTS--GENERAL INFORMATION |
| Πεδίο ελέγχου σταθερού μήκους |
250528s ||||||||||||||||||||||||d |
| 035 ## - SYSTEM CONTROL NUMBER |
| System control number |
21002 |
| 020 ## - ISBN |
| ISBN |
9781599416083 |
| 040 ## - ΠΗΓΗ ΚΑΤΑΛΟΓΟΓΡΑΦΗΣΗΣ |
| Φορέας πρωτότυπης καταλογογράφησης |
MC Athens Campus Library |
| Γλώσσα καταλογογράφησης |
Ελληνικά, Μοντέρνα (1453-) |
| Modifying agency |
MC Athens Campus Library |
| Κανόνες περιγραφικής καταλογογράφησης |
AACR2 |
| 245 1# - ΤΙΤΛΟΣ ΚΑΙ ΔΗΛΩΣΗ ΥΠΕΥΘΥΝΟΤΗΤΑΣ |
| Τίτλος |
Corporate Finance / Principles and Practice: Second Edition |
| 250 ## - EDITION STATEMENT |
| Edition statement |
2nd |
| 260 ## - PUBLICATION, DISTRIBUTION, ETC. |
| Name of publisher, distributor, etc. |
Thomson Reuters/ Foundation Press, |
| Date of publication, distribution, etc. |
2010 |
| 300 ## - PHYSICAL DESCRIPTION |
| Extent |
872 |
| 505 0# - FORMATTED CONTENTS NOTE |
| Formatted contents note |
Preface, Acknowledgements, Introduction, Measuring Firm Output, Forms of Financial Reports, Valuing Firm Output, Discounting and Present Value, The Cost of Capital, Efficient Capital Markets, Valuation in the Courts, Capital Structure, The Range of Financial Choices, The Real World, Capital Structure in the Courts, The Wages of Excessive Debt, Common Stock, The Problem of Dilution, Corporate Debt, Contract Interpretation, Contract Terms, Capital Leasing, Preferred Stock, Dividends, Board Duties, Options and Convertible Securities, How Options Operate, Valuation of Options, Dividends and Distributions, Distributions and Investor Wealth, Stock Dividends and Stock Splits, Stock Repurchases, Leveraged Buyouts, Index. |
| 520 ## - SUMMARY, ETC. |
| Summary, etc. |
Preface, Acknowledgements, Introduction, Measuring Firm Output, Forms of Financial Reports, Valuing Firm Output, Discounting and Present Value, The Cost of Capital, Efficient Capital Markets, Valuation in the Courts, Capital Structure, The Range of Financial Choices, The Real World, Capital Structure in the Courts, The Wages of Excessive Debt, Common Stock, The Problem of Dilution, Corporate Debt, Contract Interpretation, Contract Terms, Capital Leasing, Preferred Stock, Dividends, Board Duties, Options and Convertible Securities, How Options Operate, Valuation of Options, Dividends and Distributions, Distributions and Investor Wealth, Stock Dividends and Stock Splits, Stock Repurchases, Leveraged Buyouts, Index. |
| 700 1# - ΠΡΟΣΘΕΤΗ ΑΝΑΓΡΑΦΗ--ΦΥΣΙΚΟ ΠΡΟΣΩΠΟ |
| Personal name |
Carney William J |
| 9 (RLIN) |
7021 |
| 942 ## - ADDED ENTRY ELEMENTS (KOHA) |
| Koha item type |
Books |